Noms de pays similaires en français et anglais - Statistiques

Statistiques générales
  • Ce quiz a été pris 78 fois
  • Le résultat moyen est 40 sur 72
Statistiques - réponses
Pays % Correct
France
89%
Portugal
77%
Canada
74%
Afghanistan
67%
Cuba
67%
Kazakhstan
66%
Yémen
66%
Iran
64%
Monaco
64%
Oman
64%
Qatar
64%
Madagascar
63%
Ghana
62%
Guyana
62%
Kenya
62%
Mali
62%
Vietnam
62%
Angola
60%
Laos
60%
Luxembourg
60%
Panama
60%
Rwanda
60%
Uruguay
60%
Zimbabwe
60%
Paraguay
59%
Turkménistan
59%
Belize
58%
Costa Rica
58%
Niger
58%
Pakistan
58%
Togo
58%
Vanuatu
58%
Bahamas
56%
Gabon
56%
Honduras
56%
Israël
56%
Lesotho
56%
Nigéria
56%
Sénégal
56%
Venezuela
56%
Burundi
55%
Haïti
55%
Suriname
55%
Tonga
55%
Botswana
53%
Djibouti
53%
Guatemala
53%
Népal
53%
Nicaragua
53%
Tuvalu
53%
Eswatini
52%
Samoa
52%
Burkina Faso
51%
Libéria
51%
Brunei
49%
Monténégro
49%
Nauru
49%
Bénin
48%
Liechtenstein
48%
Kiribati
47%
Sri Lanka
47%
Ukraine
47%
Azerbaïdjan
45%
Seychelles
44%
Malawi
42%
Maldives
42%
Sierra Leone
42%
Bangladesh
37%
Mozambique
36%
Philippines
34%
Myanmar
19%
Palestine
15%
Aucun quiz correspondant
Distribution des résultats
% des personnes avec chaque résultat
Percentile par nombre de réponses
Votre historique - résultats
Vous n’avez pas pris ce quiz